000
00336 a2200157 4500
001
174135
020
_a
85-7208-019-4
040
_c
Magnum
100
_a
Siguemoto, Regina
240
1
0
_a
O peixinho e o sonho
_l
por
245
1
0
_a
O peixinho e o sonho
300
_a
24
362
0
_a
2008
697
_a
LITERATURA INFANTO
942
_c
BK
999
_c
174135
_d
174135